| 000 | 00627nam a2200217 u 4500 | ||
|---|---|---|---|
| 005 | 20241012063735.0 | ||
| 008 | 110922s2005 mx r 000 0 spa d | ||
| 020 | _a9685830215 | ||
| 035 | _aUPN01000181901 | ||
| 049 | _aCG | ||
| 050 | 4 |
_aRC480 _bP6.3 |
|
| 100 | 1 | _aPoletti, Rosette | |
| 245 | 1 | 0 |
_aDé sentido a su vida / _cRosette Poletti, Barbara Dobbs ; tr. Liliana Velasco. |
| 260 |
_aMéxico : _bLumen, _c2005. |
||
| 300 | _a137 p. | ||
| 440 | 0 | _aPrácticos - Psicología | |
| 650 | 4 |
_aPsicoterapia _98720 |
|
| 650 | 4 |
_aVIDA - _xASPECTOS PSICOLOGICOS _915712 |
|
| 700 | 1 |
_aDobbs, Barbara, _ecoaut. |
|
| 905 | _aLibro | ||
| 999 |
_c154004 _d154004 |
||